The impact of earthquake risk on property values (Record no. 115326)
[ view plain ]
| 000 -LEADER | |
|---|---|
| fixed length control field | 01424cad a22002415a 4500 |
| 001 - CONTROL NUMBER | |
| control field | L158464 |
| 008 - FIXED-LENGTH DATA ELEMENTS--GENERAL INFORMATION | |
| fixed length control field | 131031s2014 xxk f f 001 0 eng d |
| 035 ## - SYSTEM CONTROL NUMBER | |
| System control number | (Sirsi) u158464 |
| 041 0# - LANGUAGE CODE | |
| Language code of text/sound track or separate title | eng |
| 110 2# - MAIN ENTRY--CORPORATE NAME | |
| Corporate name or jurisdiction name as entry element | Royal Institution of Chartered Surveyors |
| 9 (RLIN) | 4900 |
| 245 04 - TITLE STATEMENT | |
| Title | The impact of earthquake risk on property values |
| Remainder of title | A multi-level approach |
| Medium | [electronic resource] |
| 260 ## - PUBLICATION, DISTRIBUTION, ETC. | |
| Place of publication, distribution, etc. | London |
| Name of publisher, distributor, etc. | RICS |
| Date of publication, distribution, etc. | 2014 |
| 490 #0 - SERIES STATEMENT | |
| Series statement | RICS Research |
| 520 ## - SUMMARY, ETC. | |
| Summary, etc. | Using Istanbul as a case-study, this research aims to apply multi-level modelling techniques to explore the impact of earthquake risk before and after an event within the study area. This technique has recently been shown to improve the accuracy of estimates of the spatial differences in house prices. The specific results of this research show that, since the earthquake activity in the wider region in 2011, proximity to areas with a history of activity has had significant impacts on prices. This information will be of considerable use to house purchasers, insurance agents and mortgage lenders. |
| 650 24 - SUBJECT ADDED ENTRY--TOPICAL TERM | |
| Topical term or geographic name entry element | MULTI-LEVEL MODELLING TECHNIQUES |
| 651 #4 - SUBJECT ADDED ENTRY--GEOGRAPHIC NAME | |
| Geographic name | International |
| 690 ## - LOCAL SUBJECT ADDED ENTRY--TOPICAL TERM (OCLC, RLIN) | |
| Topical term or geographic name as entry element | Valuation |
| 9 (RLIN) | 6273 |
| 700 1# - ADDED ENTRY--PERSONAL NAME | |
| Personal name | Keskin, Berna |
| 700 1# - ADDED ENTRY--PERSONAL NAME | |
| Personal name | Watkins, Craig |
| 710 1# - ADDED ENTRY--CORPORATE NAME | |
| Corporate name or jurisdiction name as entry element | University of Sheffield |
| 856 40 - ELECTRONIC LOCATION AND ACCESS | |
| Uniform Resource Identifier | <a href="https://www.propertyresearchtrust.org/uploads/1/3/4/8/134819607/impact_of_earthquake_risk.pdf">https://www.propertyresearchtrust.org/uploads/1/3/4/8/134819607/impact_of_earthquake_risk.pdf</a> |
| Public note | Available from Property Research Trust |
| 942 ## - ADDED ENTRY ELEMENTS (KOHA) | |
| Suppress in OPAC | 0 |
| Source of classification or shelving scheme | Dewey Decimal Classification |
| Withdrawn status | Lost status | Damaged status | Not for loan | Home library | Current library | Shelving location | Date acquired | Total Checkouts | Full call number | Date last seen | Copy number | Price effective from | Koha item type |
|---|---|---|---|---|---|---|---|---|---|---|---|---|---|
| Virtual | Virtual | Online | 10/03/2015 | SCAN | 02/02/2024 | 1 | 06/08/2019 | Online material |